| 000 | 01144cam a22002894a 4500 | ||
|---|---|---|---|
| 001 | 13083475 | ||
| 005 | 20030730082130.0 | ||
| 008 | 030205s2004 maua b 001 0 eng | ||
| 010 | _a2003043041 | ||
| 020 | _a0072551194 (alk. paper) | ||
| 040 |
_aDLC _cDLC _dDLC |
||
| 042 | _apcc | ||
| 050 | 0 | 0 |
_aHB172.5 _b.C638 2004 |
| 082 | 0 | 0 |
_a339 _221 _bCOL |
| 100 | 1 | _aColander, David C. | |
| 245 | 1 | 0 |
_aMacroeconomics / _cDavid C. Colander. |
| 250 | _a5th ed. | ||
| 260 |
_aBoston, Mass. : _bMcGraw-Hill/Irwin, _cc2004. |
||
| 300 |
_axxiv, 482, 26, 18 p. : _bill. ; _c26 cm. |
||
| 504 | _aIncludes bibliographical references and index. | ||
| 650 | 0 | _aMacroeconomics. | |
| 856 | 4 | 2 |
_3Publisher description _uhttp://www.loc.gov/catdir/description/mh031/2003043041.html |
| 856 | 4 | 1 |
_3Table of contents _uhttp://www.loc.gov/catdir/toc/mh031/2003043041.html |
| 942 |
_2ddc _cBB |
||
| 999 |
_c10766 _d10766 |
||